000 00543nam a2200181Ia 4500
003 GCL
008 140319s9999 xx 000 0 ara d
040 _aGCL /
_cGCL
082 0 4 _a803.1
_bا ا
100 1 _aابراهيم العريض
245 1 0 _aالشعر والفنون الجميلة /
_cابراهيم العريض
300 _a132 ص
490 _aالهيئة العامة للاستعلامات
_v0
650 0 4 _aالادب
650 0 4 _aالفن والادب
650 0 4 _aالشعر - تاريخ ونقد
942 _2ddc
_cBK
999 _c47635
_d47635